| 000 | 01164cam a2200277 4500 | ||
|---|---|---|---|
| 008 | 031029n2003 000 0 eng u | ||
| 020 | _a0750657316 | ||
| 035 | _a(Sirsi) u124133 | ||
| 041 | _aeng | ||
| 050 |
_a658.404 _c18 |
||
| 100 | _aTwort, Alan C. | ||
| 245 | _aCivil engineering project management | ||
| 250 | _a4th ed. | ||
| 260 |
_aOxford _bButterworth-Heinemann _c2003 |
||
| 300 |
_axii, 263p. _c25cm. |
||
| 350 | _a24.99 | ||
| 520 | _aThis text sets out the measures necessary to the satisfactory management of civil engineering projects. Covers concepts and procedures for procurement of works; types of contracts in use; requirements for drawing up contracts, specifications and quantities; tendering and award procedures; site organisations and duties of staff; record keeping; basic on-site technical tests and procedures; measurement, payment, variations and claims matters. | ||
| 650 | _aCIVIL ENGINEERING | ||
| 650 | _aCONTRACT DOCUMENTATION | ||
| 650 | _aTENDERING | ||
| 650 | _aPROJECT COST ESTIMATION | ||
| 650 |
_aHEALTH AND SAFETY _96244 |
||
| 690 |
_aProject management _96261 |
||
| 700 | _aRees, Gordon J. | ||
| 942 | _n0 | ||
| 999 |
_c103162 _d103162 |
||